00505nam a22001817a 450000500170000001000200001702000240003702000260006103500200008703700080010708200110011510000190012624500530014526000520019827000130025030000410026350000190030420120111094918.0 aB-476540-476545 a8121933501 c499.00 a9788121933506c499.00 aB-476540-476545 bpub a930.03 aConnolly, Sean aChildren's world encylopedia /cby Sean Connolly aRudrapur :bNirja Publishers & Printers,c2010. bRudrapur a246p.bill, photos (col.)c26cm (Hb) aIncludes index